banner koha

Correlação entre o hemocitômetro e outras técnicas de rotina para a contagem do número de plaquetas em cães atendidos no Hospital Veterinário da Universidade Estadual de Londrina (H.V. -UEL) (Registro n. 209671)

MARC details
000 -LÍDER
campo de controle de tamanho fixo 00955nas a2200277 4500
001 - NÚMERO DE CONTROLE
campo de controle BR2010003827
003 - IDENTIFICADOR DO NÚMERO DE CONTROLE
campo de controle BR-BrBNA
005 - DATA E HORÁRIO DA ÚLTIMA TRANSAÇÃO
campo de controle 20231205114630.0
007 - CAMPO FIXO DE DESCRIÇÃO FÍSICA--INFORMAÇÃO GERAL
campo de controle de tamanho fixo ta
008 - CAMPO DE DADOS FIXOS--INFORMAÇÃO GERAL
campo de controle de tamanho fixo 230509b bl.|||p| |||| 00| 00por d
040 ## - FONTE DA CATALOGAÇÃO
Instituição da catalogação original BR-BrBNA
Idioma da catalogação por
Instituição que transcreveu o registro Biblioteca Nacional de Agricultura
041 ## - CÓDIGO DE IDIOMA
Código do idioma do texto/trilha sonora ou título diferente (Pt)
072 ## - CÓDIGO DE CATEGORIA DE ASSUNTO
Código de Categoria de Assunto L70
100 1# - ENTRADA PRINCIPAL--NOME PESSOAL
Nome pessoal Silva, P.F.N. da
100 1# - ENTRADA PRINCIPAL--NOME PESSOAL
Nome pessoal Balarin, M.R.S.
100 1# - ENTRADA PRINCIPAL--NOME PESSOAL
Nome pessoal Maruchi, H.P.
100 1# - ENTRADA PRINCIPAL--NOME PESSOAL
Nome pessoal Flaiban, K.K.M. da C.
100 1# - ENTRADA PRINCIPAL--NOME PESSOAL
Nome pessoal Moroz, L.R.
245 1# - TÍTULO
Título Correlação entre o hemocitômetro e outras técnicas de rotina para a contagem do número de plaquetas em cães atendidos no Hospital Veterinário da Universidade Estadual de Londrina (H.V. -UEL)
650 ## - ASSUNTO--TERMO TÓPICO
Cabeçalho tópico ou nome geográfico CÃO
650 ## - ASSUNTO--TERMO TÓPICO
Cabeçalho tópico ou nome geográfico VETERINÁRIA
650 ## - ASSUNTO--TERMO TÓPICO
Cabeçalho tópico ou nome geográfico DIAGNÓSTICO
773 0# - ENTRADA ANALÍTICA
Título Semina. Ciências Agrárias (Brazil)
ISSN - International Standard Serial Number ISSN 1676-546X
Partes relacionadas (Oct-Dec 2007), v. 28(4) p. 659-664
Número de controle do registro BR2010003827
909 ## -
-- 202311
-- Lúcia
-- 55
-- Lúcia Elande
942 ## - ELEMENTOS DE ENTRADA ADICIONADOS (KOHA)
Fonte da classificação ou esquema de arquivamento na estante Classificação AGRIS
Ocultar no OPAC Não
Tipo de material Koha Analítica
Exemplares
Situação do descarte Fonte da classificação ou esquema de arquivamento na estante Situação física Não pode ser emprestado Biblioteca de origem Biblioteca atual Localização na estante Enumeração do periódico / cronologia Total de empréstimos Data de último acesso Número do exemplar Tipo de material Koha Fonte de aquisição
  Classificação AGRIS   Consulta local Biblioteca Nacional de Agricultura - Binagri Biblioteca Nacional de Agricultura - Binagri   (Oct-Dec 2007), v. 28(4) p. 659-664   29/11/2023 01 Periódicos Portaria Interministerial nº 164/94

BINAGRI

Telefone: (61)3218-2567/2388/3357/2097 - binagri@agro.gov.br

Ministério da Agricultura e Pecuária , Esplanada dos Ministérios, Bloco D, Anexo B, Brasília/DF, CEP: 70.043-900